000 00626nam a2200241Ia 4500
005 20260121112744.0
008 8540 260114s9999 xx 000 0 eng d
020 _a9789812791245
037 _aEBOOK
040 _aCRL
_beng
_cCRL
041 _aeng
_2eng
084 _qCRL
100 _aChang Shi-Kuo
_9962703
245 0 _aData Structures and Algorithms
260 _bWorld Scientific
260 _bWSPC
260 _c2003
650 _aComputer Science
_9962704
856 _uhttps://www.worldscientific.com/worldscibooks/10.1142/5256#t=toc
942 _cEBOOK
999 _c1545840
_d1545840